| 000 | 00404naa a2200157 a 4500 | ||
|---|---|---|---|
| 001 | 786 | ||
| 003 | CDMR | ||
| 005 | 20130116135158.0 | ||
| 008 | 130130s ||||||||||||r|||||||||||||||d | ||
| 040 |
_aCDMR _bcat _cCDMR |
||
| 100 | 1 |
_aBarco, Juan _9615 |
|
| 245 | 1 | 0 | _aDon José Feliu i Codina |
| 600 | 1 | 4 |
_aFeliu i Codina, Josep _9616 |
| 773 | 0 |
_a _tAnuario de la Prensa Diaria _gAño I, 1925, p.71-84 |
|
| 942 | _cCAP | ||
| 999 |
_c786 _d786 |
||